000 03723cam a22012734i 4500
003 PE-LiUPU
005 20250813185548.0
008 150706s r 000 0 d
020 _a97871125286
035 _a(Sirsi) i97871125286
040 _aPE-LiUPU
_bspa
_cPE-LiUPU
_erda
049 _aPRUA
082 0 4 _a370.14
_bE
_221
245 0 1 _aEducar por competencias, ¿qué hay de nuevo? /
_cpor José Gimeno Sacristán. [et al.].
264 1 _aMadrid :
_bMorata,
_c2008.
300 _a233 p ;
_c24 centímetros
336 _atext
_2rdacontent
337 _aunmediated
_2rdamedia
338 _avolume
_2rdacarrier
490 0 _aPedagogía
504 _aIncluye bibliografía.
505 0 _aDiez tesis sobre la aparente utilidad de las competencias en educación -- ¿Competencias o pensamiento práctico? La construcción de los significados de representación y de acción -- La ciudadanía se convierte en competencia: Avances y retroceso -- Obviando el debate sobre la cultura en el sistema educativo: Cómo ser competente sin conocimientos -- La voluntad de distracción: Las competencias en la universidad -- Evaluar el aprendizaje en una enseñanza centrada en las competencias.
526 _aP202
526 _aP201
526 _aP163
526 _aP162
526 _aP161
526 _aP160
526 _aP148
526 _aP147
526 _aP146
526 _aP145
526 _aP144
526 _aP143
526 _aP142
526 _aP141
526 _aP140
526 _aP139
526 _aP138
526 _aP137
526 _aP136
526 _aP135
526 _aP134
526 _aP133
526 _aP129
526 _aP128
526 _aP127
526 _aP120
526 _aP119
526 _aP118
526 _aP116
526 _aP115
526 _aP114
526 _aP110
526 _aP109
526 _aP108
526 _aP104
526 _aP103
526 _aP102
526 _aP99
526 _aP98
526 _aP97
526 _aP96
526 _aP95
526 _aP93
526 _aP90
526 _aP89
526 _aP88
526 _aP83
526 _aP82
526 _aP62
526 _aP59
526 _aP58
526 _aP57
526 _aP51
526 _aP49
526 _aP48
526 _aP47
526 _aP29
526 _aP24
526 _aP20
526 _aP19
526 _aP17
526 _aP15
526 _aP14
526 _aP12
526 _aP10
526 _aP09
526 _aP08
526 _aP07
526 _aP06
526 _aP05
526 _aP04
526 _aP01
541 _g015-0010730;
650 0 4 _aPolítica educativa.
700 1 _aAlvarez Mendez, Juan Manuel,
_eautor.
700 1 _aAngulo Rasco, Félix,
_eautor.
700 1 _aGimeno Sacristán, José,
_ecomp.
700 1 _aMartínez rodríguez, J. Bautista,
_eautor.
700 1 _aPérez Gómez, Ángel I.,
_eautor.
700 1 _aTorres Santomé, Jurjo,
_eautor.
910 _agl
_bjv
_cng
_d20090820
942 _2ddc
_cBOOK
949 _aPGE 370.14 E
_wDEWEY
_c1
_i60213
_d2016-11-8
_e2016-10-27
_lCCODEBUL1
_mBUL
_n2
_p41.00
_r0
_sY
_tBOOK
_u2015-7-6
_xEDUCACION
_PP57
_0COMPRA
_o.CIRCNOTE. No olvidar cambiar la fecha de devolución!!!!!!!
_o.STAFF. Colección General
994 _aC0
_bPEPRU
596 _a1
999 _aPGE 370.14 E
_wDEWEY
_c49683
_i60213
_d49683
_e2016-10-27
_f2021-11-8
_g5
_lCCODEBUL1
_mBUL
_n2
_p41.00
_r0
_sY
_tBOOK
_u2015-7-6
_xEDUCACION
_PP57
_0COMPRA
_o.CIRCNOTE. No olvidar cambiar la fecha de devolución!!!!!!!
_o.STAFF. Colección General
980 _81
_gALBERTO SANCHEZ Responsable de Automatización